Central Library OPAC University of Rajshahi
Normal view MARC view

Entry Personal Name

Number of records used in: 2

001 - CONTROL NUMBER

  • control field: 13421

003 - CONTROL NUMBER IDENTIFIER

  • control field: BD-RjUL

005 - DATE AND TIME OF LATEST TRANSACTION

  • control field: 20240701124426.0

008 - FIXED-LENGTH DATA ELEMENTS

  • fixed length control field: 240701|| aca||aabn | a|a d

040 ## - CATALOGING SOURCE

  • Original cataloging agency: BD-RjUL
  • Transcribing agency: BD-RjUL

100 ## - HEADING--PERSONAL NAME

  • Personal name: Sinha, Pinaki

670 ## - SOURCE DATA FOUND

  • Source citation: Work cat.: (BD-RjUL)83952: Sinha, Pinaki, High Frequency Regeneration of some Ornamental Orchids Through in Vitro Culture and Their Establishment in the Nursery /, 2007